000
00246nam a2200097Ia 4500
001
948726
005
20250826215525.0
008
250824s9999 xx 000 0 und d
245
0
_a
SÜMBÜLLÜ KÖŞK
_c
BİLGİN ADALI
260
_b
HEP KİTAP YAYINLARI
999
_c
948726
_d
948726